<?xml version="1.0" encoding="UTF-8"?>
<collection xmlns:xsi="http://www.w3.org/2001/XMLSchema-instance" xsi:schemaLocation="http://www.loc.gov/MARC21/slim http://www.loc.gov/standards/marcxml/schema/MARC21slim.xsd" xmlns="http://www.loc.gov/MARC21/slim">
 <record>
  <leader>00000cam a22000004a 4500</leader>
  <controlfield tag="001">UP-1685675941123806407</controlfield>
  <controlfield tag="003">Buklod</controlfield>
  <controlfield tag="005">20071009081220.0</controlfield>
  <controlfield tag="006">a     r    |||| u|</controlfield>
  <controlfield tag="007">ta</controlfield>
  <controlfield tag="008">070215s1976    cau     r    |||| u|eng d</controlfield>
  <datafield tag="035" ind1=" " ind2=" ">
   <subfield code="a">(iLib)UPTAC-00000010162</subfield>
  </datafield>
  <datafield tag="040" ind1=" " ind2=" ">
   <subfield code="a">UPVTC</subfield>
  </datafield>
  <datafield tag="041" ind1="0" ind2=" ">
   <subfield code="a">eng</subfield>
  </datafield>
  <datafield tag="090" ind1=" " ind2="0">
   <subfield code="a">QR 46</subfield>
   <subfield code="b">R48</subfield>
  </datafield>
  <datafield tag="245" ind1="0" ind2="0">
   <subfield code="a">Review of medical microbiology</subfield>
   <subfield code="c">[by] Ernest Jawetz, Joseph L. Melnick [and] Edward A. Adelberg.</subfield>
  </datafield>
  <datafield tag="264" ind1=" " ind2="1">
   <subfield code="a">Los Altos, Calif.</subfield>
   <subfield code="b">Lange Medical Pub.</subfield>
   <subfield code="c">c1976-</subfield>
  </datafield>
  <datafield tag="300" ind1=" " ind2=" ">
   <subfield code="a">v</subfield>
   <subfield code="b">illus.</subfield>
  </datafield>
  <datafield tag="505" ind1="0" ind2=" ">
   <subfield code="a">Table of Contents: SI Units of Measurement in the Biologic Range. -- 1. The Microbial World -- 2. Cell Structure -- 3. The Major Groups of Bacteria -- 4. Microbial Genetics -- 5. Microbial Metabolism -- 6. Cultivation of Microorganisms -- 7. The Growth &amp; Death of Microorganisms -- 8. The Microbiology of Special Environments -- 9. Bacteriophage -- 10. Antimicrobial Chemotherapy -- 11. Host-Parasite Relationships -- 12. Immunology: I. Antigens &amp; Antibodies -- 13. Immunology: II. Antibody-Mediated &amp; Cell-Mediated (Hypersensitivity &amp; Immunity) Reactions -- 14. Pyogenic Cocci -- 15. Gram-Positive Bacilli -- 16. Corynebacteria -- 17. Mycobacteria -- 18. Enteric Gram-Negative Microorganisms -- 19. Small Gram-Negative Rods -- 20. Spirochetes &amp; Other Spiral Microorganisms -- 21. Rickettsial Diseases -- 22. Chlamydiae (Agents of the Psittacosis-LGV-TRIC Group) -- 23. Miscellaneous Pathogenic Microorganisms -- 24. Normal Microbial Flora of the Human Body -- 25. Medical Mycology -- 26. Principles of Diagnostic Medical Microbiology -- 27. General Properties of Viruses -- 28. Isolation of Viruses from Clinical Specimens -- 29. Serologic Diagnosis &amp; Immunologic Detection of Virus Infections -- 30. Arthropod-Borne (Arbo) Viral Diseases -- 31. Picornavirus Family (Enterovirus &amp; Rhinovirus Groups) -- 32. Hepatitis Viruses -- 33. Rabies &amp; Other Viral Diseases of the Nervous System: Slow Viruses -- 34. Orthomyxovirus (Influenza) &amp; Coronavirus Families -- 35. Paramyxovirus Family &amp; Rubella Virus -- 36. Poxvirus Family -- 37. Adenovirus Family -- 38. Herpesvirus Family -- 39. Reoviruses, Orbiviruses, &amp; Other Viral Infections of Man -- 40. Oncogenic Viruses. -- Appendix: Medical Parasitology -- Index.</subfield>
  </datafield>
  <datafield tag="650" ind1=" " ind2="0">
   <subfield code="a">Micro-organisms, Pathogenic.</subfield>
  </datafield>
  <datafield tag="700" ind1="1" ind2=" ">
   <subfield code="a">Jawetz, Ernest.</subfield>
  </datafield>
  <datafield tag="700" ind1="1" ind2=" ">
   <subfield code="a">Melnick, Joseph L.</subfield>
  </datafield>
  <datafield tag="700" ind1="1" ind2=" ">
   <subfield code="a">Adelberg, Edward A.</subfield>
  </datafield>
  <datafield tag="740" ind1="0" ind2=" ">
   <subfield code="a">Medical microbiology.</subfield>
  </datafield>
  <datafield tag="856" ind1="4" ind2="1">
   <subfield code="3">Table of contents only</subfield>
   <subfield code="u">https://drive.google.com/file/d/1Tkwc5gPQVVQ8W2gJecS3Z71rb14Oje5A/view?usp=drivesdk</subfield>
  </datafield>
  <datafield tag="905" ind1=" " ind2=" ">
   <subfield code="a">FO</subfield>
  </datafield>
  <datafield tag="852" ind1="0" ind2=" ">
   <subfield code="a">UPTAC</subfield>
   <subfield code="b">UPTAC</subfield>
   <subfield code="h">QR 46 R48</subfield>
  </datafield>
  <datafield tag="942" ind1=" " ind2=" ">
   <subfield code="a">Book</subfield>
  </datafield>
 </record>
</collection>
